000 00663cab a2200193 4500
001 WB2245-58
008 090401t1986 xxu||||| |||| 00| 0 eng d
035 _a(Sirsi) u28047
041 _aeng
245 _aCayman Islands
260 _c1986
350 _a0
490 _aFinancial Times
_v10/11/86 pp 21-24 4 pages LOAN
520 _aA survey of this British Crown Colony in the north-west Caribbean with a population of approximately 20,000 people covering banking,tourism,insurance and companies including profiles of two important Caymanians.
690 _aOVERSEAS-REST OF THE WORLD
690 _aSPECIAL REPORTS
942 _n0
948 _c04/03/1997
999 _c18916
_d18916